000 00393nam a2200145Ia 4500
008 150201s2004 xx 000 0 und d
082 _a617.675
_bF2002C
100 _aCHA, STEPHAN
245 _aFUNDAMENTALS OF COLOR :SHADE MATCHING & COMMUNICATION
250 _a1ST
260 _bQUINTESSENCE PUBLICATION
_aCHICAGO
_c2004
300 _a1-158
650 _aGENERAL DENTISTRY
942 _2ddc
_cBK
999 _c4440
_d4440